000 00475cam a22001575a 4500
001 J100756
008 000000s1913 xxk 000 0 eng u
035 _a(Sirsi) u100756
110 _aSurveyors' Institution
_93783
245 _aExaminations. Syllabus of subjects and examples of papers set at preliminary and professional examinations. April 1913.
260 _c1913
300 _a112p.
651 4 _aUnited Kingdom
_y
690 _aBusiness and management
942 _n0
999 _c99805
_d99805